000 00653nam a22002175i 4500
001 98941
003 ES-MaACL
005 20230906182416.0
007 t|
008 950918s1878 gw ||||1| eng d
040 _aCAM
_bspa
_cCAM
100 1 _aEdwards, Amelia Blandford.
_946662
245 1 2 _aA thousand miles up the Nile /
_cby Amelia B. Edwards.
260 _aLeipzig :
_bBernhard Tauchnitz,
_c1878.
300 _a1 v. ;
_c16 cm.
490 1 _aCollection of British authors ;
_v1730-31
500 _aDos tomos en un vol.
830 0 _aCollection of British authors ;
_v1730-31
_9180703
852 _aES-MaACL
_jG-11592
999 _c98941
_d98941